| 000 | 00452nam a2200205Ia 4500 | ||
|---|---|---|---|
| 001 | 12779 | ||
| 003 | GE_BSU | ||
| 008 | 181216s||||||||xx |||||||||||||| ||und|| | ||
| 020 | _a0553811843 | ||
| 040 | _cGE_BSU | ||
| 080 | _a821.111-312.4 | ||
| 100 | _aAppignanesi,Lisa. | ||
| 245 | 4 | _aThe Dead of Winter. | |
| 260 | _aLondon. | ||
| 260 | _bBantam Books. | ||
| 260 | _c1999 | ||
| 300 | _a539p;18cm. | ||
| 653 | _aThe Dead of Winter. | ||
| 942 | _cBK | ||
| 999 |
_c45950 _d45950 |
||